An introduction to the philosophy of psychology / (Record no. 30031)

000 -LEADER
fixed length control field 02669cam a2200361 i 4500
001 - CONTROL NUMBER
control field 18290958
005 - DATE AND TIME OF LATEST TRANSACTION
control field 20190128121028.0
008 - FIXED-LENGTH DATA ELEMENTS--GENERAL INFORMATION
fixed length control field 140905s2015 enka b 001 0 eng
010 ## - LIBRARY OF CONGRESS CONTROL NUMBER
LC control number 2014034058
020 ## - INTERNATIONAL STANDARD BOOK NUMBER
International Standard Book Number 9780521519298 (hardback)
020 ## - INTERNATIONAL STANDARD BOOK NUMBER
International Standard Book Number 9780521740203 (paperback)
040 ## - CATALOGING SOURCE
Original cataloging agency DLC
Language of cataloging eng
Transcribing agency DLC
Description conventions rda
Modifying agency DLC
042 ## - AUTHENTICATION CODE
Authentication code pcc
050 00 - LIBRARY OF CONGRESS CALL NUMBER
Classification number BF38
Item number .W656 2015
082 00 - DEWEY DECIMAL CLASSIFICATION NUMBER
Classification number 150.1
Edition number 23
084 ## - OTHER CLASSIFICATION NUMBER
Classification number PHI015000
Number source bisacsh
100 1# - MAIN ENTRY--PERSONAL NAME
Personal name Weiskopf, Daniel A.,
Dates associated with a name 1973-
245 13 - TITLE STATEMENT
Title An introduction to the philosophy of psychology /
Statement of responsibility, etc. Daniel A. Weiskopf and Fred Adams.
300 ## - PHYSICAL DESCRIPTION
Extent xiv, 316 pages :
Other physical details illustrations ;
Dimensions 25 cm.
490 0# - SERIES STATEMENT
Series statement Cambridge introductions to philosophy
504 ## - BIBLIOGRAPHY, ETC. NOTE
Bibliography, etc Includes bibliographical references (pagesw 275-304) and index.
520 ## - SUMMARY, ETC.
Summary, etc. "Our topic here is psychology, the self-styled science of the mind. Psychology's aim is to explain mental phenomena by describing the underlying processes, systems, and mechanisms that give rise to them. These hidden causal levers underlie all of our mental feats, including our richest conscious perceptions, our most subtle chains of reasoning, and our widest-ranging plans and actions. While the phenomena of mind are intimately related to events occurring in the brain, these psychological explanations are, we will argue, distinct and autonomous from explanations in terms of neural processes and mechanisms. According to the view we present here, psychology and neuroscience are different enterprises. We certainly wouldn't claim that our ever-increasing understanding of how the brain works has nothing to say to psychology: on the contrary, they are complimentary, since neuroscience can provide invaluable input to psychological theorizing (and vice versa, a point that we think is not stressed often enough). But our task will be to give a thorough account of the scope, methods, content, and prospects for a distinctive science of our mental lives"--
650 #0 - SUBJECT ADDED ENTRY--TOPICAL TERM
Topical term or geographic name as entry element Psychology
General subdivision Philosophy.
650 #7 - SUBJECT ADDED ENTRY--TOPICAL TERM
Topical term or geographic name as entry element PHILOSOPHY / Mind & Body.
Source of heading or term bisacsh
700 1# - ADDED ENTRY--PERSONAL NAME
Personal name Adams, Frederick.
856 42 - ELECTRONIC LOCATION AND ACCESS
Materials specified Cover image
Uniform Resource Identifier <a href="http://assets.cambridge.org/97805217/40203/cover/9780521740203.jpg">http://assets.cambridge.org/97805217/40203/cover/9780521740203.jpg</a>
906 ## - LOCAL DATA ELEMENT F, LDF (RLIN)
a 7
b cbc
c orignew
d 1
e ecip
f 20
g y-gencatlg
942 ## - ADDED ENTRY ELEMENTS (KOHA)
Source of classification or shelving scheme
Koha item type Hard Covered Materials
Classification part BF38 .W656 2015
Holdings
Withdrawn status Lost status Source of classification or shelving scheme Damaged status Not for loan Home library Current library Shelving location Date acquired Source of acquisition Cost, normal purchase price Total Checkouts Full call number Barcode Date last seen Price effective from Koha item type
          MACHAKOS UNIVERSITY LIBRARY MACHAKOS UNIVERSITY LIBRARY Open shelf 28/01/2019 Donation (EYS) 4588.00   BF38 .W656 2015 38518 28/01/2019 28/01/2019 Hard Covered Materials
© Machakos University Library, Along The Highway, Machakos Wote Rd, Machakos, Kenya P.O. Box 136 - 90100 Machakos - Kenya

Tel: ( +254 ) 723 805829 OR Fax : 044-20353 OR Email: library@mksu.ac.ke